000 00966nam a2200253 a 4500
005 2009090908568.0
008 990210s1999 nyua j 000 1 eng
010 _aB-357141
020 _c40.00
_a9788189973391
035 _aB-357141
037 _bDBAD / PUB
040 _adpl
_bEnglish
082 _aS
100 _aVidya Devi
245 _aFolktales from Norway /
_cby Vidya Devi
260 _aNew Delhi
_bMind Melodies
_c2008
270 _aA-18, Mohan Garden, Near Nawada Metro Station,
_bNew Delhi
_e110059
300 _a16p.:
_c25cm(pbk)
_bcol. ill
490 _aFolktales from around the world
520 _aA little girl falls down a rabbit hole and discovers a world of nonsensical and amusing characters.
650 _aChildren's stories, English
942 _2ddc
_cCH
_hS
_mVID
999 _c30243
_d30243